• 首页
  • 本馆介绍
  • 公告通知
  • 最新文献
  • 馆藏检索
  • 电子资源
  • 读者导购
  • 参考咨询
  • 我的图书馆
  • 登录
  • 详细信息显示
  • 放入我的书架
  • 预约/预借图书
  • 作者相关作品
  • 分类相关作品
  • 丛书相关作品
  • 出版社相关作品

书目信息

  • 表格格式
  • 工作单格式
  • 卡片格式
题名:
扬琴当代音乐作品精选
    
 
作者: 李玲玲 编著
分册: 下册  
出版信息: 上海   上海音乐出版社  2019.06
页数: 202页
开本: 30cm
丛书名:
单 册:
中图分类: J648.51
科图分类:
主题词: 扬琴--器乐曲--作品集--中国--现代
电子资源:
ISBN: 978-7-5523-1752-7
000 01035nam0 2200253 450
001 0120192815951
005 20201019164841.03
010    @a978-7-5523-1752-7@dCNY64.00,CNY128.00(全2册)
100    @a20190720d2019 em y0chiy50 ea
101 0  @achi
102    @aCN@b310000
105    @aagk z 000yy
106    @ar
200 1  @a扬琴当代音乐作品精选@9yang qin dang dai yin le zuo pin jing xuan@e五线谱版@h下册@f李玲玲编著
210    @a上海@c上海音乐出版社@d2019.06
215    @a202页@c彩照@d30cm
300    @a中国音乐学院扬琴教学系列教材
330    @a本书为中国音乐学院扬琴系列教材之一,选取了45首20世纪70年代至今具有代表性的优秀扬琴作品,共两册,分为五线谱版和简谱版。这些乐曲具有鲜明的时代气息和浓郁的民族特色,在长期教学和艺术实践中受到人们的喜爱并广为流传,成为扬琴爱好者和专业演奏者的必学曲目。
333    @a扬琴爱好者及专业演奏人员
606 0  @a扬琴@x器乐曲@x作品集@y中国@z现代
690    @aJ648.51@v5
701  0 @a李玲玲@9li ling ling@4编著
801  0 @aCN@b人天书店@c20190720
905    @b1294388-91@dJ648.51@e246:2@f4
    
    扬琴当代音乐作品精选:五线谱版.下册/李玲玲编著.-上海:上海音乐出版社,2019.06
    202页:彩照;30cm
    中国音乐学院扬琴教学系列教材.-使用对象:扬琴爱好者及专业演奏人员
    
    ISBN 978-7-5523-1752-7:CNY64.00,CNY128.00(全2册)
    本书为中国音乐学院扬琴系列教材之一,选取了45首20世纪70年代至今具有代表性的优秀扬琴作品,共两册,分为五线谱版和简谱版。这些乐曲具有鲜明的时代气息和浓郁的民族特色,在长期教学和艺术实践中受到人们的喜爱并广为流传,成为扬琴爱好者和专业演奏者的必学曲目。
●
相关链接 在E读中查询图书 在五车中查询图书 在当当中查询图书 在豆瓣中查询图书


正题名:扬琴当代音乐作品精选     索取号:J648.51/246:2         预约/预借

序号 登录号 条形码 馆藏地/架位号 状态 备注
1 1294388   212943886   第一样本阅览室/ [索取号:J648.51/246:2] 在馆    
2 1294389   212943895   第一借阅区/ [索取号:J648.51/246:2] 在馆    
3 1294390   212943902   第一借阅区/ [索取号:J648.51/246:2] 在馆    
4 1294391   212943911   第一借阅区/ [索取号:J648.51/246:2] 在馆    
唐山师范学院图书馆 欢迎您!
大连网信软件有限公司© 版权所有